[Event "Kottayam op"]
[Site "Kottayam"]
[Date "2025.05.01"]
[Round "2"]
[White "Deepan Chakkravarthy, J."]
[Black "Devnath, Bijesh"]
[Result "1-0"]
[WhiteElo "2394"]
[BlackElo "1886"]
[PlyCount "73"]
[EventDate "2025.04.30"]
[EventType "swiss"]
[EventRounds "10"]
[EventCountry "IND"]
[SourceTitle "CB19_2025"]
[SourceDate "2025.05.07"]
[SourceVersion "1"]
[SourceVersionDate "2025.05.07"]
[SourceQuality "1"]

1. c4 e6 2. e4 d5 3. exd5 exd5 4. d4 Nf6 5. Nf3 Bb4+ 6. Nc3 0-0 7. Bd3 Re8+ 8. Be3 Bg4 9. 0-0 Nc6 10. h3 Bh5 11. c5 Ne4 12. Ne2 Bxf3 13. gxf3 Ng5 14. Kg2 Qf6 15. Ng3 Rxe3 16. fxe3 Qe6 17. Bf5 Qxe3 18. h4 Ne6 19. Bxe6 fxe6 20. a3 Bd2 21. Rf2 Nxd4 22. Qxd2 Qxd2 23. Rxd2 Nb3 24. Rad1 Nxd2 25. Rxd2 Rf8 26. Rd4 c6 27. f4 b6 28. cxb6 axb6 29. Rb4 c5 30. Rxb6 Rxf4 31. Rxe6 Rxh4 32. Nf5 Rh5 33. Re5 Rg5+ 34. Kf2 Kf7 35. Nd6+ Kf6 36. Rxg5 Kxg5 37. a4 1-0

[Event "Madurai Athens of the East op-B 4th"]
[Site "Madurai"]
[Date "2024.12.25"]
[Round "4"]
[White "Devnath, Bijesh"]
[Black "Karan, JP."]
[Result "1/2-1/2"]
[WhiteElo "1788"]
[BlackElo "1969"]
[PlyCount "74"]
[EventDate "2024.12.24"]
[EventType "swiss"]
[EventRounds "10"]
[EventCountry "IND"]
[SourceTitle "CB02_2025"]
[SourceDate "2025.01.08"]
[SourceVersion "1"]
[SourceVersionDate "2025.01.08"]
[SourceQuality "1"]

1. e4 c5 2. Nf3 d6 3. d4 cxd4 4. Nxd4 Nf6 5. Nc3 a6 6. Be3 e5 7. Nb3 Be7 8. f3 Be6 9. Qd2 h5 10. 0-0-0 Nbd7 11. Kb1 Rc8 12. h3 b5 13. Bd3 h4 14. f4 Qc7 15. Qf2 b4 16. Nd5 Nxd5 17. exd5 Bxd5 18. Bxa6 Bb7 19. Bb5 Bc6 20. Bd3 Nf6 21. fxe5 dxe5 22. Bb6 Qb7 23. Bf5 Rb8 24. Bc5 Ra8 25. Rhe1 0-0 26. Bxe7 Qxe7 27. Qxh4 g6 28. Be4 Rfc8 29. Bxc6 Rxc6 30. Rd2 Rca6 31. Nc1 Qe6 32. Red1 e4 33. Rd8+ Ne8 34. Rxa8 Rxa8 35. Qe1 Qc4 36. b3 Qe6 37. Qxb4 Nf6 1/2-1/2

[Event "Vijayawad op"]
[Site "Vijayawad"]
[Date "2024.10.25"]
[Round "7"]
[White "Devnath, Bijesh"]
[Black "Abhishek, Kelkar"]
[Result "0-1"]
[WhiteElo "1864"]
[BlackElo "2184"]
[PlyCount "94"]
[EventDate "2024.10.22"]
[EventType "swiss"]
[EventRounds "9"]
[EventCountry "IND"]
[SourceTitle "CB16_2025"]
[SourceDate "2025.04.16"]
[SourceVersion "1"]
[SourceVersionDate "2025.04.16"]
[SourceQuality "1"]

1. d4 d6 2. e4 Nf6 3. Nc3 Nbd7 4. Nf3 e5 5. Bc4 Be7 6. 0-0 0-0 7. h3 c6 8. a4 b6 9. Qe2 a6 10. Rd1 Qc7 11. Bg5 Bb7 12. Ba2 b5 13. Bxf6 Nxf6 14. d5 bxa4 15. dxc6 Bxc6 16. Bd5 Nxd5 17. Nxd5 Qb7 18. c3 Bd8 19. Nh2 Qb5 20. c4 Qc5 21. Ng4 Rb8 22. Ra3 Rb3 23. Rxb3 axb3 24. Qe3 Qxc4 25. Rc1 Qb5 26. Ndf6+ Bxf6 27. Nxf6+ gxf6 28. Qg3+ Kh8 29. Qh4 Bxe4 30. Qxe4 Qd7 31. Rc3 Qe6 32. Rc6 a5 33. Qd3 Rd8 34. Qb5 Rc8 35. Kh2 Rxc6 36. Qxc6 e4 37. Qc1 Kg7 38. g3 Qe5 39. Qd1 Qe6 40. h4 a4 41. Qd4 Qe5 42. Qd1 f5 43. Qd2 h6 44. Kg2 a3 45. bxa3 b2 46. Qc2 e3 47. Kh3 e2 0-1